00447 2200157 4500245010300000020002200103250000900125100001900134650001600153005001900169260004500188041001400233084000800247300002500255336000900280 aThe Child b : Kisah Seorang Anak Yang Menjadi Agen Rahasia Perang Dunia IIcBrian GarfieldhText a978-602-1258-71-2 a2014 aBrian Garfield aNovel Fiksi a20240926102952 aJakarta SelatanbPenerbit Mataharic2014 aIndonesia a823 a566 halaman :c20 cm atext